Historia – czy to posiadali? - Statystyki

Ogólne statystyki
  • Ten quiz został rozwiązany 2 148 razy
  • Średni wynik to 11 z 15
Statystyki odpowiedzi
Zagadnienie Odpowiedź % Poprawnych
Czy starożytni Grecy posiadali wino? Tak
98%
Czy istniała telewizja podczas pierwszego lądowania na Księżycu? Tak
94%
Czy podczas I wojny światowej istniały samoloty? Tak
90%
Czy starożytni Rzymianie posiadali proch strzelniczy? Nie
89%
Czy w czasie Wielkiego Kryzysu istniało radio? Tak
89%
Czy starożytni Rzymianie jedli spaghetti z sosem marinara? Nie
82%
Czy w starożytnych Chinach istniał plastik? Nie
81%
Czy Istniała fotografia podczas wojny secesyjnej? Tak
73%
Czy w epoce kamienia udomowiono psy? Tak
65%
Czy rdzenni Australijczycy posługiwali się językiem pisanym przed europejską kolonizacją? Nie
63%
Czy w epoce wiktoriańskiej istniała penicylina? Nie
62%
Czy w starożytnej Persji istniały okulary? Nie
53%
Czy w XVIII wieku kobiety nosiły coś zwanego „biustonoszem”? Nie
52%
Czy podczas Rewolucji Francuskiej istniały rowery? Nie
49%
Czy Inkowie mieli wózki kołowe? Nie
43%
Nie znaleziono quizów pasujących do podanych kryteriów
Rozkład punktacji
Procent ludzi z każdym wynikiem
Percentyl według liczby udzielonych odpowiedzi
Twoja historia wyników
Nie rozwiązałeś tego quizu